حرب 67 وروايتا عائد إلى حيفا لغسان كنفاني ورحلة دانيال لإسحاق أورباز : (رقم التسجيلة. 180098)

تفاصيل مارك
000 -LEADER
fixed length control field 03693namaa22004331i 4500
003 - CONTROL NUMBER IDENTIFIER
control field OSt
005 - أخر تعامل مع التسجيلة
control field 20260511122510.0
008 - FIXED-LENGTH DATA ELEMENTS--GENERAL INFORMATION
fixed length control field 250827s2025 ua a|||frm||| 000 0 eng d
040 ## - CATALOGING SOURCE
Original cataloguing agency EG-GICUC
Language of cataloging ara
Transcribing agency EG-GICUC
Modifying agency EG-GICUC
Description conventions rda
041 0# - LANGUAGE CODE
Language code of text/sound track or separate title ara
Language code of summary or abstract ara
-- eng
049 ## - Acquisition Source
Acquisition Source إيداع
082 04 - DEWEY DECIMAL CLASSIFICATION NUMBER
Classification number 810.9
092 ## - LOCALLY ASSIGNED DEWEY CALL NUMBER (OCLC)
Classification number 810.9
Edition number 21
097 ## - Degree
Degree مــــاجستير
099 ## - LOCAL FREE-TEXT CALL NUMBER (OCLC)
Local Call Number Cai01.06.01.M.Sc.2025.أس.ح
100 0# - MAIN ENTRY--PERSONAL NAME
Authority record control number or standard number ،أسامة محمود عبد العليم خليل
Preparation إعداد.
245 10 - TITLE STATEMENT
Title حرب 67 وروايتا عائد إلى حيفا لغسان كنفاني ورحلة دانيال لإسحاق أورباز :
Remainder of title دراسة مقارنة /
Statement of responsibility, etc. إعداد أسامة محمود عبد العليم خليل؛ إشراف أ.د.أحمد إبراهيم درويش، أ.د محمد أحمد صالح، د.أحمد رجب حجازي.
246 15 - VARYING FORM OF TITLE
Title proper/short title The 67 war and two novels returning to hifa by ghassan kanafani and daniel’s trials by issac orbaz :
Remainder of title A comparative study /
264 #0 - PRODUCTION, PUBLICATION, DISTRIBUTION, MANUFACTURE, AND COPYRIGHT NOTICE
Date of production, publication, distribution, manufacture, or copyright notice 2025.
300 ## - PHYSICAL DESCRIPTION
Extent 202 ورقة :
Other physical details إيضاحيات ؛
Dimensions 30 سم. +
Accompanying material CD.
336 ## - CONTENT TYPE
Content type term text
Source rda content
337 ## - MEDIA TYPE
Media type term Unmediated
Source rdamedia
338 ## - CARRIER TYPE
Carrier type term volume
Source rdacarrier
502 ## - DISSERTATION NOTE
Dissertation note أطروحة (ماجستير)-جامعة القاهرة، 2025.
504 ## - BIBLIOGRAPHY, ETC. NOTE
Bibliography, etc. note ببليوجرافيا: صفحات 186-194.
520 ## - SUMMARY, ETC.
Summary, etc. موضوع هذه الدراسة هو المقارنة بين روايتين على أساس الباعث المشترك لكتابتهما، والهدف هو إثبات أن الباعث المشترك يصلح أساسًا جديدًا للمقارنة، اعتمدت الدراسة على منهج بنائي مقارن يعتمد على الوصف والتحليل، لاستخلاص نقاط التّماس بين الروايتين وتحليلها والمقارنة والمقاربة بينها، ويهدف إلى استخلاص نتائج تتصل بالبحث المشترك للعملين، وأثرهما في المؤلفين، وشخصياتهما، وأحداث الروايتين.وقد توصلت الدراسة إلى إحدى وعشرين نتيجة تثبت وجود تشابه وترابط بين الورايتين محل الدراسة رغم عدم وجود تأثير وتأثر، ورغم عدم تشابه أحداثهما.
520 ## - SUMMARY, ETC.
Summary, etc. This study compares two novels, anchored by their shared creative impetus.It seeks to establish The Common Thread as a novel basis for comparison.Using a structural-comparative, descriptive-analytical method,the research uncovers convergences, scrutinizing their impact on authors,characters, and plots. Ultimately, twenty-one conclusions affirm significant affinities and interconnections between the narratives,despite no direct influence, mutual impact, or plot similarity.
530 ## - ADDITIONAL PHYSICAL FORM AVAILABLE NOTE
Issues CD صدر أيضًا كقرص مدمج.
546 ## - LANGUAGE NOTE
Text Language النص بالعربية والملخص باللغة الإنجليزية والعربية.
650 #7 - SUBJECT ADDED ENTRY--TOPICAL TERM
Topical term or geographic name entry element تاريخ ونقد الأدب العربي
Source of heading or term qrmak
653 #0 - INDEX TERM--UNCONTROLLED
Uncontrolled term أدب مقارن
-- رواية
-- الباعث المشترك
700 0# - ADDED ENTRY--PERSONAL NAME
Personal name أحمد إبراهيم درويش
Relator term مشرف أطروحة.
700 0# - ADDED ENTRY--PERSONAL NAME
Personal name محمد أحمد صالح
Relator term مشرف أطروحة.
700 0# - ADDED ENTRY--PERSONAL NAME
Personal name أحمد رجب حجازي
Relator term مشرف أطروحة.
900 ## - Thesis Information
Grant date 11-05-2025
Supervisory body أحمد إبراهيم درويش
-- محمد أحمد صالح
-- أحمد رجب حجازي
Universities جامعة القاهرة
Faculties كلية دار العلوم
Department قسم البلاغة والنقد الأدبي والأدب المقارن
905 ## - Cataloger and Reviser Names
Cataloger Name Sara Salah
942 ## - ADDED ENTRY ELEMENTS (KOHA)
Source of classification or shelving scheme Dewey Decimal Classification
Koha item type Thesis
Edition 21
Suppress in OPAC No
المقتنيات
Source of classification or shelving scheme Home library Current library Date acquired Inventory number Full call number Barcode Date last seen Effective from Koha item type
Dewey Decimal Classification المكتبة المركزبة الجديدة - جامعة القاهرة قاعة الرسائل الجامعية - الدور الاول 11.05.2026 33196 Cai01.06.01.M.Sc.2025.أس.ح 01010100033196000 11.05.2026 11.05.2026 Thesis
Cairo University Libraries Portal Implemented & Customized by: Eng. M. Mohamady Contacts: new-lib@cl.cu.edu.eg | cnul@cl.cu.edu.eg
CUCL logo CNUL logo
© All rights reserved — Cairo University Libraries
CUCL logo
Implemented & Customized by: Eng. M. Mohamady Contact: new-lib@cl.cu.edu.eg © All rights reserved — New Central Library
CNUL logo
Implemented & Customized by: Eng. M. Mohamady Contact: cnul@cl.cu.edu.eg © All rights reserved — Cairo National University Library